00338nam a2200145Ia 4500100002800000650001200028490000600040366000700046654002400053245003800077260003700115082000900152300000800161546002300169 aKhan/Md.N/ Panigrahi/S  aPhysics v1 f25 aengineering physics aPrinciples of Engineering Physics bCambrideg University Pressc2016 bKHAN a873 aENGLISHcComputers